TV Mustaches Quiz Stats

Quiz Updated Jun 9, 2015

Also try: Hair in Television
Challenge
Share
Tweet
Score 0/20 Timer 08:00
0 Plays Today
Number TV Show/Character % Correct
The Simpsons (Ned Flanders)
98.1%
Family Guy (Cleveland Brown)
89%
The Muppet Show (Swedish Chef)
87.3%
My Name is Earl (Earl Hickey)
83.4%
Cheers (Cliff Clavin)
82.8%
Magnum P.I. (Thomas Magnum IV)
81.5%
Futurama (Scruffy)
77.8%
Parks & Recreation (Ron Swanson)
76.8%
The Addams Family (Gomez Addams)
76.6%
M*A*S*H (B.J. Hunnicutt)
76.1%
Number TV Show/Character % Correct
The Love Boat (Isaac Washington)
70.7%
NYPD Blue (Sgt. Andy Sipowicz)
67%
All in the Family (Mike Stivic)
63.5%
Family Matters (Carl Winslow)
63.4%
Arrested Development (Tobias Fünke)
62.8%
Welcome Back Kotter (Gabe Kotter)
57.8%
The Wild Thornberrys (Nigel Thornberry)
51.8%
Seinfeld (Jackie Chiles)
48.1%
Diagnosis: Murder (Dr. Mark Sloan)
32.7%
Orange is the New Black (George Mendez)
27.7%

You're not logged in!

Compare scores with friends on all Sporcle quizzes.
Sign Up with Email
OR
Log In

You Might Also Like...

Show Comments

Extras

Top Quizzes Today


Score Distribution

Your Account Isn't Verified!

In order to create a playlist on Sporcle, you need to verify the email address you used during registration. Go to your Sporcle Settings to finish the process.